Verification and validation in systems engineering (Record no. 73535)

MARC details
000 -LEADER
fixed length control field 00636 a2200181 4500
005 - DATE AND TIME OF LATEST TRANSACTION
control field 20130824102915.0
008 - FIXED-LENGTH DATA ELEMENTS--GENERAL INFORMATION
fixed length control field 120823t xxu||||| |||| 00| 0 eng d
020 ## - INTERNATIONAL STANDARD BOOK NUMBER
International Standard Book Number 9783642152276
080 ## - UNIVERSAL DECIMAL CLASSIFICATION NUMBER
Universal Decimal Classification number 004.439:004.415.5
Item number DEB
100 ## - MAIN ENTRY--PERSONAL NAME
Personal name Debbabi, Mourad...[et.al]
245 ## - TITLE STATEMENT
Title Verification and validation in systems engineering
Remainder of title assessing UML/sysML designed models
Statement of responsibility, etc Mourad, Debbabi...[et.al]
260 ## - PUBLICATION, DISTRIBUTION, ETC. (IMPRINT)
Name of publisher, distributor, etc Springer-verlag
Date of publication, distribution, etc 2010
Place of publication, distribution, etc Berlin
300 ## - PHYSICAL DESCRIPTION
Extent xxvi, 248p.
653 ## - INDEX TERM--UNCONTROLLED
Uncontrolled term Systems engineering
653 ## - INDEX TERM--UNCONTROLLED
Uncontrolled term Expert systems-computer science-verification
653 ## - INDEX TERM--UNCONTROLLED
Uncontrolled term Expert systems-validation
-- Computer science
942 ## - ADDED ENTRY ELEMENTS (KOHA)
item type Books
Holdings
Lost status Source of classification or shelving scheme Not for loan Home library Current library Shelving location Date acquired Cost, normal purchase price Total Checkouts Full call number Barcode Date last seen Cost, replacement price Price effective from Koha item type
  Universal Decimal Classification   University Library University Library General Stacks 23/01/2012 0.00   004.439:004.415.5 DEB 00067100 23/01/2012 0.00 23/01/2012 Books
University Library, CUSAT